Paroles_ Dodo Tayc - Statistiques

Statistiques générales
  • Ce quiz a été pris 155 fois
  • Le résultat moyen est 165 sur 245
Statistiques - réponses
Réponse % Correct
dodo
100%
pas
98%
ce
97%
de
97%
soir
96%
je
84%
la
82%
a
79%
moi
79%
et
77%
pour
77%
ma
76%
ton
76%
le
74%
corps
72%
tu
72%
veux
72%
se
71%
vie
71%
chocolat
70%
bébé
69%
elle
69%
faire
69%
aime
68%
c’est
68%
comme
68%
femme
68%
mais
67%
son
66%
bien
65%
fois
65%
comment
63%
des
63%
me
63%
est
62%
qu’on
62%
sais
62%
années
60%
ensemble
60%
on
60%
chaque
59%
choquer
58%
doit
58%
ça
56%
connais
56%
j’connais
55%
laisse
55%
suer
55%
touche
53%
mes
52%
nos
51%
tout
51%
commentaire
49%
j’vais
49%
jvais
49%
toi
49%
cette
48%
être
47%
doucement
46%
sera
45%
un
45%
crois
44%
different
44%
fais
43%
l’homme
43%
plus
43%
violent
43%
commencer
42%
mouvements
42%
ouh
42%
peu
42%
yeah
40%
sort
39%
tes
39%
du
36%
qu’je
36%
avec
35%
confiance
35%
fait
35%
prendre
35%
cheveux
32%
aucune
31%
jamais
31%
méfiance
31%
t’aurais
31%
façon
30%
j’aime
30%
vénérer
30%
t’as
29%
dans
28%
jveux
28%
dont
27%
mains
27%
personne
26%
chacune
25%
c’que
25%
n’a
25%
shiva
25%
soins
23%
nan
21%
ouah
16%
Aucun quiz correspondant
Distribution des résultats
% des personnes avec chaque résultat
Percentile par nombre de réponses
Votre historique - résultats
Vous n’avez pas pris ce quiz